Linux kernel development / (Record no. 279)

MARC details
000 -LEADER
fixed length control field 01023cam a2200313 a 4500
001 - CONTROL NUMBER
control field 4402447
005 - DATE AND TIME OF LATEST TRANSACTION
control field 20200421093825.0
008 - FIXED-LENGTH DATA ELEMENTS--GENERAL INFORMATION
fixed length control field 100511s2010 njua b 001 0 eng
010 ## - LIBRARY OF CONGRESS CONTROL NUMBER
LC control number 2010018961
020 ## - INTERNATIONAL STANDARD BOOK NUMBER
International Standard Book Number 9780672329463 (pbk. : alk. paper)
020 ## - INTERNATIONAL STANDARD BOOK NUMBER
International Standard Book Number 0672329468 (pbk. : alk. paper)
035 ## - SYSTEM CONTROL NUMBER
System control number (OCoLC)ocn268788260
035 ## - SYSTEM CONTROL NUMBER
System control number (OCoLC)268788260
040 ## - CATALOGING SOURCE
Original cataloging agency DLC
Transcribing agency DLC
Modifying agency YDX
-- BTCTA
-- YDXCP
-- NLE
049 ## - LOCAL HOLDINGS (OCLC)
Holding library NLES
050 00 - LIBRARY OF CONGRESS CALL NUMBER
Classification number QA76.76.O63
Item number L674 2010
082 00 - DEWEY DECIMAL CLASSIFICATION NUMBER
Classification number 005.4/32
Edition information 22
100 1# - MAIN ENTRY--PERSONAL NAME
Personal name Love, Robert.
9 (RLIN) 1547
245 10 - TITLE STATEMENT
Title Linux kernel development /
Statement of responsibility, etc. Robert Love.
250 ## - EDITION STATEMENT
Edition statement 3rd ed.
260 ## - PUBLICATION, DISTRIBUTION, ETC.
Place of publication, distribution, etc. Upper Saddle River, N.J. ;
-- London :
Name of publisher, distributor, etc. Addison-Wesley,
Date of publication, distribution, etc. c2010.
300 ## - PHYSICAL DESCRIPTION
Extent xx, 440 p. :
Other physical details ill. ;
Dimensions 23 cm.
490 1# - SERIES STATEMENT
Series statement Developer's library : essential references for programming professionals
504 ## - BIBLIOGRAPHY, ETC. NOTE
Bibliography, etc. note Includes bibliographical references and index.
630 00 - SUBJECT ADDED ENTRY--UNIFORM TITLE
Uniform title Linux.
9 (RLIN) 204
650 #0 - SUBJECT ADDED ENTRY--TOPICAL TERM
Topical term or geographic name entry element Operating systems (Computers)
9 (RLIN) 248
830 #0 - SERIES ADDED ENTRY--UNIFORM TITLE
Uniform title Developer's library.
9 (RLIN) 944
942 ## - ADDED ENTRY ELEMENTS (KOHA)
Source of classification or shelving scheme Dewey Decimal Classification
Koha item type Books
Holdings
Withdrawn status Lost status Damaged status Not for loan Collection Home library Current library Shelving location Date acquired Barcode Date last seen Price effective from Koha item type
        Reference Fairview Fairview General stacks 09/04/2014 39999000012118 09/04/2014 09/04/2014 Books
        Reference Midway Midway General stacks 09/04/2014 39999000012132 09/04/2014 09/04/2014 Books
        Reference Midway Midway General stacks 09/04/2014 39999000012156 09/04/2014 09/04/2014 Books
        Reference Midway Midway General stacks 09/04/2014 39999000012170 09/04/2014 09/04/2014 Books